-
DASHPUTE, MR. SANKET N. 2- AVHAD, DR. PAWAN S. 3- MANSUK, DR. AVINASH G. 4-UDMALE, MR. AKASHDEEP
Entry Personal Name
Number of records used in: 1
001 - CONTROL NUMBER
003 - CONTROL NUMBER IDENTIFIER
005 - DATE AND TIME OF LATEST TRANSACTION
- control field:
20251121122158.0
008 - FIXED-LENGTH DATA ELEMENTS
- fixed length control field:
251121|| aca||aabn | a|a d
040 ## - CATALOGING SOURCE
- Original cataloging agency:
JRU
- Transcribing agency:
JRU
100 ## - HEADING--PERSONAL NAME
- Personal name:
DASHPUTE, MR. SANKET N. 2- AVHAD, DR. PAWAN S. 3- MANSUK, DR. AVINASH G. 4-UDMALE, MR. AKASHDEEP
670 ## - SOURCE DATA FOUND
- Source citation:
Work cat.: (JRU)8934: DASHPUTE, MR. SANKET N. 2- AVHAD, DR. PAWAN S. 3- MANSUK, DR. AVINASH G. 4-UDMALE, MR. AKASHDEEP. , BIOCHEMISTRY AND CLINICAL PATHOLOGY FOR D. PHARMA [2ND YEAR], 2024